[Event "King's Gambit Explorations"]
[Site "SchemingMind.com"]
[Date "2012.12.06"]
[Round "-"]
[White "Olli Ylönen"]
[Black "Louis Lima"]
[Result "1-0"]
[WhiteCountry "FIN"]
[BlackCountry "ESP"]
[WhiteElo "1906"]
[WhiteRD "55"]
[BlackElo "1915"]
[BlackRD "92"]
[GameID "322318"]

1. e4 e5 2. f4 d5 3. exd5 e4 4. d3 Nf6 5. dxe4 Nxe4 6. Nf3 Bc5 7. Qe2 Bf5 8. Nc3 Qe7 9. Be3 Bxe3 10. Qxe3 Nxc3
11. Qxe7+ Kxe7 12. bxc3 Be4 13. Ng5 Bxd5 14. O-O-O c6 15. Bd3 h6 16. Rhe1+ Kd6 17. Nxf7+ Bxf7 18. Ba6+
1-0

[Event "King's Gambit Explorations"]
[Site "SchemingMind.com"]
[Date "2012.12.02"]
[Round "-"]
[White "Louis Lima"]
[Black "Olli Ylönen"]
[Result "1-0"]
[WhiteCountry "ESP"]
[BlackCountry "FIN"]
[WhiteElo "1970"]
[WhiteRD "88"]
[BlackElo "1847"]
[BlackRD "53"]
[GameID "322319"]

1. e4 e5 2. f4 d5 3. exd5 exf4 4. Nf3 Nf6 5. Be2 Bd6 6. c4 c6 7. dxc6 Nxc6 8. d4 O-O 9. Nc3 Re8 10. O-O Bg4
11. d5 Qb6+ 12. Kh1 Ne5 13. b3 Nxf3 14. Bxf3 Bxf3 15. Qxf3 g5 16. Bd2 Nd7 17. Qg4 Qd8 18. Bxf4 Bxf4 19. Rxf4 Nf6 20. Qxg5+
1-0

[Event "King's Gambit Explorations"]
[Site "SchemingMind.com"]
[Date "2012.12.21"]
[Round "-"]
[White "keen"]
[Black "Louis Lima"]
[Result "0-1"]
[WhiteCountry "SCO"]
[BlackCountry "ESP"]
[WhiteElo "1728"]
[WhiteRD "66"]
[BlackElo "1970"]
[BlackRD "88"]
[GameID "323572"]

1. e4 e5 2. f4 d5 3. exd5 e4 4. Nc3 Nf6 5. Bc4 Bc5 6. d3 exd3 7. Qxd3 O-O 8. Bd2 Re8+ 9. Nge2 Ng4 10. Rf1 Ne3
11. Bxe3 Rxe3 12. Qd2 Re8 13. Rf3 Qe7 14. O-O-O Be3 15. Rxe3 Qxe3 16. Qxe3 Rxe3 17. d6 cxd6 18. Rxd6 Nc6 19. Nd5 Re6 20. Rxe6 Bxe6
21. Nec3 Rd8 22. g3 Kf8 23. Ne3 Bxc4 24. Nxc4 a6 25. a3 Nd4 26. Kb1 Nf3 27. h3 Nd2+ 28. Nxd2 Rxd2 29. Ne4 Rd1+ 30. Ka2 b6
31. Nc3 Rg1 32. g4 Rg3 33. g5 Rxh3 34. Nd5 Rf3 35. c3 h5 36. Nxb6 h4 37. Nd7+ Ke7 38. Ne5 Rxf4 39. c4 h3
0-1

[Event "King's Gambit Explorations"]
[Site "SchemingMind.com"]
[Date "2012.12.23"]
[Round "-"]
[White "keen"]
[Black "Olli Ylönen"]
[Result "0-1"]
[WhiteCountry "SCO"]
[BlackCountry "FIN"]
[WhiteElo "1673"]
[WhiteRD "83"]
[BlackElo "1862"]
[BlackRD "57"]
[GameID "323573"]

1. e4 e5 2. f4 d5 3. exd5 exf4 4. Nf3 Nf6 5. d4 Nxd5 6. Bc4 Be6 7. O-O Ne3 8. Bxe3 Bxc4 9. Bxf4 Bxf1 10. Qxf1 Bd6
11. Qe2+ Qe7 12. Qxe7+ Kxe7 13. Bxd6+ Kxd6 14. Nc3 f6 15. Re1 Nc6 16. Nb5+ Kd7 17. d5 Nd8 18. c4 c6 19. dxc6+ Nxc6 20. Rd1+ Ke7
21. Nc7 Rad8 22. Nd5+ Kf7 23. Rf1 h6 24. Nd2 Ne7 25. Nxe7 Kxe7 26. Rf2 Rd4 27. b3 Rhd8 28. Nf3 Rd1+ 29. Rf1 Rxf1+ 30. Kxf1 Kd6
31. Nd4 Ke5 32. Nb5 a6 33. Nc3 Kd4 34. Nd5 b5 35. Nc7 bxc4 36. bxc4 Kxc4 37. Nxa6 Ra8 38. Nc7 Rg8 39. Ne6 Kb4 40. Nd4 Ka3
41. Nf5 Kxa2 42. Kf2 Kb3 43. Kf3 Kc4 44. Ke4 Kc5 45. Kd3 h5 46. g3 g6 47. Nh4 g5 48. Nf5 Rd8+ 49. Ke3 Kd5 50. h4 Re8+
51. Kf3 g4+ 52. Kf2 Ra8 53. Ng7 Rh8 54. Nf5 Ke4 55. Nd6+ Kd3 56. Kg2= Ra8 57. Kf2 Ra2+ 58. Kg1 Ke3 59. Nf5+ Ke4 60. Ng7 Ra5
61. Kf2= Ra2+ 62. Kg1 f5 63. Nxh5 Kf3 64. Kh1 Ra1+ 65. Kh2 Rf1 66. Nf6 Rf2+ 67. Kg1 Rg2+ 68. Kh1 Rxg3 69. h5 Kf2 70. Ne4+ fxe4
71. Kh2 Rh3#
0-1

[Event "King's Gambit Explorations"]
[Site "SchemingMind.com"]
[Date "2012.12.21"]
[Round "-"]
[White "Louis Lima"]
[Black "keen"]
[Result "1-0"]
[WhiteCountry "ESP"]
[BlackCountry "SCO"]
[WhiteElo "1915"]
[WhiteRD "92"]
[BlackElo "1729"]
[BlackRD "63"]
[GameID "323574"]

1. e4 e5 2. f4 exf4 3. Bc4 Qh4+ 4. Kf1 Nc6 5. Nf3 Qg4 6. d4 Nf6 7. Nc3 Bb4 8. h3 Qh5 9. Qd3 d6 10. Bxf4 Bd7
11. Ne2 h6 12. c3 Ba5 13. Bxd6 cxd6 14. Nf4
1-0

[Event "King's Gambit Explorations"]
[Site "SchemingMind.com"]
[Date "2012.12.22"]
[Round "-"]
[White "Olli Ylönen"]
[Black "keen"]
[Result "1-0"]
[WhiteCountry "FIN"]
[BlackCountry "SCO"]
[WhiteElo "1906"]
[WhiteRD "55"]
[BlackElo "1729"]
[BlackRD "63"]
[GameID "323575"]

1. e4 e5 2. f4 exf4 3. Nf3 g5 4. Bc4 Nc6 5. O-O g4 6. Ne1 Bc5+ 7. Kh1 Ne5 8. d4 Nxc4 9. dxc5 Ne3 10. Bxe3 fxe3
11. Qxg4 Nf6 12. Qf3
1-0

[Event "King's Gambit Explorations"]
[Site "SchemingMind.com"]
[Date "2012.12.21"]
[Round "-"]
[White "Phillip Beckett"]
[Black "Louis Lima"]
[Result "0-1"]
[WhiteCountry "ENG"]
[BlackCountry "ESP"]
[WhiteElo "1628"]
[WhiteRD "47"]
[BlackElo "1915"]
[BlackRD "92"]
[GameID "323614"]

1. e4 e5 2. f4 d5 3. exd5 exf4 4. Nf3 Nf6 5. Bb5+ c6 6. dxc6 Nxc6 7. Qe2+ Be7 8. O-O O-O 9. c3 Re8 10. d4 Bd6
11. Qd3 Bd7 12. Nbd2 a6 13. Ba4 Nb4 14. cxb4 Bxa4 15. Nc4 Bxb4 16. a3 Bc5 17. b4 Ba7 18. Bb2 Rc8 19. Rac1 Bb5 20. Qb3 Qd5
21. Ncd2 Bxf1 22. Qxd5 Nxd5 23. Rxc8 Rxc8 24. Kxf1 Ne3+ 25. Kf2 Nd1+
0-1

[Event "King's Gambit Explorations"]
[Site "SchemingMind.com"]
[Date "2012.12.21"]
[Round "-"]
[White "Phillip Beckett"]
[Black "keen"]
[Result "0-1"]
[WhiteCountry "ENG"]
[BlackCountry "SCO"]
[WhiteElo "1628"]
[WhiteRD "47"]
[BlackElo "1729"]
[BlackRD "63"]
[GameID "323615"]

1. e4 e5 2. f4 exf4 3. Nf3 g5 4. Bc4 d6 5. O-O Bg4 6. d4 Nf6 7. h3 Bh5 8. e5 dxe5 9. dxe5 Qxd1 10. Rxd1 Bc5+
11. Kf1 Ne4 12. Nc3 Ng3+ 13. Ke1 Nc6 14. Na4 Be7 15. Bd2 O-O-O 16. Bc3 Ne4 17. Bd2 Bxf3 18. Bc3 Rxd1+ 19. Rxd1 Bxd1
0-1

[Event "King's Gambit Explorations"]
[Site "SchemingMind.com"]
[Date "2012.12.22"]
[Round "-"]
[White "Phillip Beckett"]
[Black "Olli Ylönen"]
[Result "0-1"]
[WhiteCountry "ENG"]
[BlackCountry "FIN"]
[WhiteElo "1628"]
[WhiteRD "47"]
[BlackElo "1906"]
[BlackRD "55"]
[GameID "323616"]

1. e4 e5 2. f4 d5 3. exd5 exf4 4. Nf3 Nf6 5. Bc4 Nxd5 6. O-O Be6 7. Re1 Be7 8. Nd4 Bc5 9. c3 Nc6 10. Bxd5 Qxd5
11. Kh1 Nxd4 12. cxd4 Bxd4 13. Nc3 Qc6 14. Qa4 Qxa4 15. Nxa4 O-O-O 16. d3 b5 17. Nc3 Bxc3 18. bxc3 Rxd3 19. Bxf4 Rxc3 20. Rec1 Rxc1+
21. Rxc1 Kb7 22. Rxc7+ Kb6 23. Re7 Ra8 24. Rc7 Bxa2 25. Re7 Rc8 26. h3 b4
0-1

[Event "King's Gambit Explorations"]
[Site "SchemingMind.com"]
[Date "2012.12.21"]
[Round "-"]
[White "Louis Lima"]
[Black "Phillip Beckett"]
[Result "1-0"]
[WhiteCountry "ESP"]
[BlackCountry "ENG"]
[WhiteElo "1915"]
[WhiteRD "92"]
[BlackElo "1628"]
[BlackRD "47"]
[GameID "323617"]

1. e4 e5 2. f4 Qh4+ 3. g3 Qe7 4. fxe5 d6 5. exd6 Qxe4+ 6. Qe2 Qxe2+ 7. Nxe2 Bxd6 8. Bg2 Nf6 9. Nbc3 Bg4 10. Bxb7 O-O
11. Bxa8 Na6 12. Bg2 Nc5 13. d4 Ne6 14. Bd2 Re8 15. O-O c5 16. d5 Bxe2 17. Nxe2 Nd4 18. Nxd4
1-0

[Event "King's Gambit Explorations"]
[Site "SchemingMind.com"]
[Date "2012.12.21"]
[Round "-"]
[White "keen"]
[Black "Phillip Beckett"]
[Result "1-0"]
[WhiteCountry "SCO"]
[BlackCountry "ENG"]
[WhiteElo "1728"]
[WhiteRD "66"]
[BlackElo "1591"]
[BlackRD "47"]
[GameID "323618"]

1. e4 e5 2. f4 Qh4+ 3. g3 Qe7 4. Nc3 exf4 5. d4 fxg3 6. Nf3 gxh2 7. Rxh2 d5 8. Nxd5 Qd8 9. Bf4 c6 10. Nc3 Bb4
11. Qd3 Bg4 12. O-O-O Qa5 13. Bg2 Bxc3 14. Qxc3 Qxa2 15. Qc5 Nd7 16. Qg5 Bxf3 17. Bxf3 Ngf6 18. e5 Qa1+ 19. Kd2 Qa5+ 20. c3 Nd5
21. Qxg7 O-O-O 22. Bxd5 Qxd5 23. Qg3 Rdg8 24. Qf2 f6 25. Re1 fxe5 26. Bxe5 c5 27. Bxh8 Rxh8 28. Re7 cxd4 29. Qxd4 Qg5+ 30. Qe3 Qd5+
31. Kc2 Qf5+ 32. Qe4
1-0

[Event "King's Gambit Explorations"]
[Site "SchemingMind.com"]
[Date "2012.12.22"]
[Round "-"]
[White "Olli Ylönen"]
[Black "Phillip Beckett"]
[Result "1-0"]
[WhiteCountry "FIN"]
[BlackCountry "ENG"]
[WhiteElo "1906"]
[WhiteRD "55"]
[BlackElo "1628"]
[BlackRD "47"]
[GameID "323619"]

1. e4 e5 2. f4 Qh4+ 3. g3 Qe7 4. Nc3 exf4 5. d4 fxg3 6. Bf4 d5 7. hxg3 dxe4 8. Nd5 Qd7 9. Nxc7+ Kd8 10. Nxa8 Na6
11. Bxa6 bxa6 12. Nc7 Bb7 13. Rh2 Bd6 14. Bxd6 Qxd6 15. Nxa6 Bxa6 16. Qg4 g6 17. O-O-O Nf6 18. Qf4 Qxf4+ 19. gxf4 h5 20. Nh3 Ke7
21. Ng5 e3 22. b3 e2 23. Rxe2+ Kd7 24. c4 Ng4 25. Nxf7 Rf8 26. Ne5+ Nxe5 27. dxe5+ Ke6 28. Rd6+
1-0

[Event "King's Gambit Explorations"]
[Site "SchemingMind.com"]
[Date "2013.01.09"]
[Round "-"]
[White "Odinson"]
[Black "Louis Lima"]
[Result "0-1"]
[WhiteCountry "USA"]
[BlackCountry "ESP"]
[WhiteElo "1627"]
[WhiteRD "74"]
[BlackElo "1996"]
[BlackRD "89"]
[GameID "324458"]

1. e4 e5 2. f4 Bc5 3. Bc4 d6 4. Nf3 Nf6 5. d3 Nc6 6. Nc3 a6 7. Ng5 O-O 8. Nxf7 Rxf7 9. Bxf7+ Kxf7 10. fxe5 dxe5
11. Qf3 Nd4 12. Qd1 Bg4 13. Qd2 Kg8 14. Na4 Ba7 15. c3 Ne6 16. Rf1 Qe8 17. b3 Rd8 18. h3 Bh5 19. Ba3 Nxe4 20. Qc2 Ng3
21. Rf2 Bxf2+ 22. Kxf2 Qg6 23. Nb2 Nf4 24. Be7 Nxd3+ 25. Nxd3 Rxd3 26. Qc1 Qf7+
0-1

[Event "King's Gambit Explorations"]
[Site "SchemingMind.com"]
[Date "2013.01.05"]
[Round "-"]
[White "Odinson"]
[Black "keen"]
[Result "0-1"]
[WhiteCountry "USA"]
[BlackCountry "SCO"]
[WhiteElo "1674"]
[WhiteRD "72"]
[BlackElo "1728"]
[BlackRD "66"]
[GameID "324459"]

1. e4 e5 2. f4 exf4 3. Bc4 Qh4+ 4. Kf1 Nf6 5. Nf3 Qh5 6. d3 g5 7. Nc3 Nc6 8. a3 Bc5 9. b4 Bb6 10. Bb2 d6
11. Nd5 Nxd5 12. Bxd5 Rg8 13. b5 Ne7 14. Bb3 Be6 15. Nd4 Qxd1+ 16. Rxd1 Bxb3 17. Nxb3 O-O-O 18. Bf6 Rd7 19. a4 Ng6 20. Bxg5 Be3
21. Ke2 Ne5 22. Bf6 Rxg2+ 23. Kf1 Rxc2 24. d4 Nf3 25. Nd2 Nxd2+ 26. Ke2 Nxe4+
0-1

[Event "King's Gambit Explorations"]
[Site "SchemingMind.com"]
[Date "2013.01.05"]
[Round "-"]
[White "Odinson"]
[Black "Phillip Beckett"]
[Result "1-0"]
[WhiteCountry "USA"]
[BlackCountry "ENG"]
[WhiteElo "1674"]
[WhiteRD "72"]
[BlackElo "1591"]
[BlackRD "47"]
[GameID "324460"]

1. e4 e5 2. f4 Qh4+ 3. g3 Qe7 4. d4 exf4 5. Bxf4 Qxe4+ 6. Qe2 Qxe2+ 7. Bxe2 c6 8. Nf3 d5 9. O-O Nf6 10. Nc3 Nbd7
11. Rae1 Be7 12. Bd3 O-O 13. Rxe7 Re8 14. Rfe1 Rxe7 15. Rxe7 Kf8 16. Bd6 Kg8 17. Ne5 Ne4 18. Bxe4 Nxe5 19. Bxe5 dxe4 20. Nxe4 Bf5
21. Bd6 Bxe4 22. Rxe4 Rd8 23. Bb4 h6 24. c4 b6 25. Bc3 f5 26. Re7 Ra8 27. Rc7 c5 28. dxc5 bxc5 29. Rxc5 Rd8 30. Rc7 Rd1+
31. Kg2 Ra1 32. Rxg7+ Kf8 33. Rxa7
1-0

[Event "King's Gambit Explorations"]
[Site "SchemingMind.com"]
[Date "2013.01.05"]
[Round "-"]
[White "Odinson"]
[Black "Olli Ylönen"]
[Result "0-1"]
[WhiteCountry "USA"]
[BlackCountry "FIN"]
[WhiteElo "1601"]
[WhiteRD "78"]
[BlackElo "1812"]
[BlackRD "55"]
[GameID "324461"]

1. e4 e5 2. f4 d5 3. exd5 exf4 4. Bc4 Qh4+ 5. Kf1 Bd6 6. Nf3 Qh6 7. d3 Ne7 8. Nc3 O-O 9. Ne4 c6 10. dxc6 Nbxc6
11. Nxd6 Qxd6 12. Qe1 Ng6 13. h4 h5 14. Ng5 Bd7 15. Nxf7 Rxf7 16. Bxf7+ Kxf7 17. Qe4 Re8 18. Qc4+ Be6 19. Qc3 Qd4 20. Bd2 Qe5
21. Re1 Qxc3 22. Bxc3 b5 23. a3 a5 24. Kf2 b4 25. axb4 axb4 26. Bd2 Nd4 27. Bxb4 Nxc2 28. Rxe6 Rxe6 29. Bc3 Rd6 30. Ke2 Nd4+
31. Kd2 Nf5 32. b4 Ngxh4 33. Be5 Rb6 34. Bxf4 Rxb4 35. g3 Nf3+ 36. Kc1 Kg6 37. Kc2 N5d4+ 38. Kc3 Rb3+ 39. Kc4 Rb2 40. Rf1 Rc2+
41. Kd5 Rc3 42. Rd1 Kf5 43. Be3 Ne2 44. Bf2 Kg4 45. Ke4 Nxg3+ 46. Ke3 h4 47. Bxg3 hxg3 48. Ke4 g2 49. d4 g1=Q 50. Rxg1+ Nxg1
0-1

[Event "King's Gambit Explorations"]
[Site "SchemingMind.com"]
[Date "2013.01.09"]
[Round "-"]
[White "Louis Lima"]
[Black "Odinson"]
[Result "1-0"]
[WhiteCountry "ESP"]
[BlackCountry "USA"]
[WhiteElo "1996"]
[WhiteRD "89"]
[BlackElo "1627"]
[BlackRD "74"]
[GameID "324462"]

1. e4 e5 2. f4 exf4 3. Bc4 d6 4. d4 Nc6 5. Bxf4 Nf6 6. Nc3 Be7 7. Nf3 O-O 8. O-O Bg4 9. Qd2 Bxf3 10. gxf3 Nh5
11. Be3 h6 12. Kh1 Bg5 13. f4 Be7 14. Rg1 g6 15. Rxg6+ Kh7 16. Rg2 Bf6 17. Qe2 Ng7 18. e5 dxe5 19. fxe5 Be7 20. Rag1 Nf5
21. Bd3 Qd7 22. Qf3 Bg5 23. Bxf5+
1-0

[Event "King's Gambit Explorations"]
[Site "SchemingMind.com"]
[Date "2013.01.05"]
[Round "-"]
[White "keen"]
[Black "Odinson"]
[Result "1-0"]
[WhiteCountry "SCO"]
[BlackCountry "USA"]
[WhiteElo "1753"]
[WhiteRD "69"]
[BlackElo "1627"]
[BlackRD "74"]
[GameID "324463"]

1. e4 e5 2. f4 exf4 3. Nf3 d6 4. d4 Bg4 5. Bxf4 Nf6 6. Nc3 Nc6 7. Bb5 Be7 8. d5 a6 9. Ba4 b5 10. Nxb5 axb5
11. Bxb5 O-O 12. Bxc6 Rb8 13. b3 Nxe4 14. O-O Bg5 15. Qd4 Bxf3 16. Rxf3 Bxf4 17. Rxf4 Nf6 18. Raf1 Nd7 19. Bxd7 Qxd7 20. R1f3 Rbe8
21. Qf2 Qe7 22. a4 Qe1+ 23. Qxe1 Rxe1+ 24. Kf2 Rc1 25. Rc4 Rc8 26. Rfc3 Rd1 27. Rxc7 Rxc7 28. Rxc7 g6 29. a5 Rxd5 30. a6 Ra5
31. a7 Kg7 32. b4 Ra2 33. b5 d5 34. b6 d4 35. Rc8 d3 36. Ke3 dxc2 37. Kd2 h5 38. Rxc2 Ra6 39. b7
1-0

[Event "King's Gambit Explorations"]
[Site "SchemingMind.com"]
[Date "2013.01.05"]
[Round "-"]
[White "Phillip Beckett"]
[Black "Odinson"]
[Result "0-1"]
[WhiteCountry "ENG"]
[BlackCountry "USA"]
[WhiteElo "1591"]
[WhiteRD "47"]
[BlackElo "1674"]
[BlackRD "72"]
[GameID "324464"]

1. e4 e5 2. f4 exf4 3. Nf3 Nc6 4. d4 d6 5. Bc4 Nf6 6. Bxf4 Be7 7. e5 dxe5 8. dxe5 Qxd1+ 9. Kxd1 Ne4 10. Re1 Bf5
11. Nbd2 Nxd2 12. Nxd2 Na5 13. Be2 O-O 14. c3 Rad8 15. Rc1 f6 16. exf6 Bxf6 17. Bf3 Nc4 18. Ke2 g5 19. Nxc4 gxf4 20. Red1 c6
21. Rxd8 Rxd8 22. Rd1 Rxd1 23. Kxd1 b5 24. Nd6 Bd7 25. Ne4 Be5 26. Kc2 a5 27. Kb3 a4+ 28. Kc2 Bf5 29. Kd2 b4 30. cxb4 Bxb2
31. Nd6 Bd7 32. Nc4 Bf6 33. Na5 Be7 34. Bxc6 Bxb4+ 35. Kc1 Bxc6 36. Nxc6 Bc5 37. Ne5 Kg7 38. Kc2 h5 39. Nd3 Bd6 40. Kc3 Kg6
41. Kd4 Kf5 42. Nb2 a3 43. Nc4 Be7 44. Kc3 Kg4 45. Kb3 f3 46. gxf3+ Kxf3 47. Nxa3 Kg2 48. Nc2= Kxh2 49. a4 h4 50. Ne1 Kg3
51. a5 Bc5 52. Kc4 Ba7 53. Nd3 h3
0-1

[Event "King's Gambit Explorations"]
[Site "SchemingMind.com"]
[Date "2013.01.05"]
[Round "-"]
[White "Olli Ylönen"]
[Black "Odinson"]
[Result "1-0"]
[WhiteCountry "FIN"]
[BlackCountry "USA"]
[WhiteElo "1847"]
[WhiteRD "53"]
[BlackElo "1674"]
[BlackRD "72"]
[GameID "324465"]

1. e4 e5 2. f4 exf4 3. Nf3 Nc6 4. d4 d6 5. Bxf4 Bg4 6. Nc3 Nf6 7. Bc4 Bxf3 8. gxf3 Be7 9. Qd2 O-O 10. O-O-O Nh5
11. Rdg1 Nxf4 12. Qxf4 Nxd4 13. e5 dxe5 14. Qh6 g6 15. Rxg6+ hxg6 16. Rg1 Qd6 17. Rxg6+
1-0

[Event "King's Gambit Explorations"]
[Site "SchemingMind.com"]
[Date "2013.01.21"]
[Round "-"]
[White "ApolloM"]
[Black "Louis Lima"]
[Result "1/2-1/2"]
[WhiteCountry "CZE"]
[BlackCountry "ESP"]
[WhiteElo "2311"]
[WhiteRD "162"]
[BlackElo "2004"]
[BlackRD "90"]
[GameID "325551"]

1. e4 e5 2. f4 exf4 3. Nf3 g5 4. h4 g4 5. Ne5 Nf6 6. Bc4 d5 7. exd5 Bd6 8. d4 Nh5 9. Bb5+ c6 10. dxc6 bxc6
11. Nxc6 Nxc6 12. Bxc6+ Kf8 13. Bxa8 Ng3 14. Kf2 Nxh1+ 15. Qxh1 g3+ 16. Ke1 Qe8+ 17. Kd1 Bf5 18. Qf1 Qxa8 19. Bxf4=
1/2-1/2

[Event "King's Gambit Explorations"]
[Site "SchemingMind.com"]
[Date "2013.01.20"]
[Round "-"]
[White "ApolloM"]
[Black "keen"]
[Result "1-0"]
[WhiteCountry "CZE"]
[BlackCountry "SCO"]
[WhiteElo "2412"]
[WhiteRD "172"]
[BlackElo "1728"]
[BlackRD "66"]
[GameID "325552"]

1. e4 e5 2. f4 exf4 3. Nf3 Nc6 4. d4 g5 5. h4 g4 6. Ne5 Nxe5 7. dxe5 Bh6 8. Qxg4 d6 9. Qh5 Be6 10. Nc3 Qd7
11. exd6 cxd6 12. Bb5
1-0

[Event "King's Gambit Explorations"]
[Site "SchemingMind.com"]
[Date "2013.01.20"]
[Round "-"]
[White "ApolloM"]
[Black "Phillip Beckett"]
[Result "1-0"]
[WhiteCountry "CZE"]
[BlackCountry "ENG"]
[WhiteElo "2412"]
[WhiteRD "172"]
[BlackElo "1591"]
[BlackRD "47"]
[GameID "325553"]

1. e4 e5 2. f4 Qh4+ 3. g3 Qe7 4. fxe5 d6 5. Nf3 Bg4 6. exd6 Qxe4+ 7. Kf2 Bxd6 8. Bb5+ c6 9. Re1 Bc5+ 10. d4 Bxf3
11. Rxe4+ Bxe4 12. Nc3 Bb6 13. Nxe4 cxb5 14. Nd6+ Kd7 15. Qg4+ Kxd6 16. Bf4+ Kd5 17. Qf3+ Kc4 18. b3+ Kb4 19. Bd2+ Ka3 20. b4+ Kb2
21. Qc3#
1-0

[Event "King's Gambit Explorations"]
[Site "SchemingMind.com"]
[Date "2013.01.23"]
[Round "-"]
[White "ApolloM"]
[Black "Olli Ylönen"]
[Result "1/2-1/2"]
[WhiteCountry "CZE"]
[BlackCountry "FIN"]
[WhiteElo "2311"]
[WhiteRD "162"]
[BlackElo "1848"]
[BlackRD "54"]
[GameID "325554"]

1. e4 e5 2. f4 d5 3. exd5 exf4 4. Nf3 Nf6 5. Bb5+ c6 6. dxc6 Nxc6 7. d4 Bd6 8. Qe2+ Be6 9. Ng5 O-O 10. Nxe6 fxe6
11. Bxc6 bxc6 12. O-O Re8 13. Nc3 Qb6 14. Qc4 Rac8 15. a3 Nd5 16. Kh1 Nxc3 17. Qxc3 e5 18. Qc4+ Kh8 19. dxe5 Bxe5 20. Bxf4 Bxf4
21. Qxf4 Qxb2 22. Qc4 Qe5= 23. h3 h6 24. Rad1 a5 25. a4=
1/2-1/2

[Event "King's Gambit Explorations"]
[Site "SchemingMind.com"]
[Date "2013.01.20"]
[Round "-"]
[White "ApolloM"]
[Black "Odinson"]
[Result "1-0"]
[WhiteCountry "CZE"]
[BlackCountry "USA"]
[WhiteElo "2412"]
[WhiteRD "172"]
[BlackElo "1674"]
[BlackRD "72"]
[GameID "325555"]

1. e4 e5 2. f4 exf4 3. Nf3 d5 4. exd5 Qxd5 5. Nc3 Qa5 6. Bc4 Nf6 7. Qe2+ Be7 8. d4 c6 9. O-O Qd8 10. Re1 b5
11. Bb3 Nd5 12. Nxd5 cxd5 13. Bxd5 Qxd5 14. Qxe7#
1-0

[Event "King's Gambit Explorations"]
[Site "SchemingMind.com"]
[Date "2013.01.21"]
[Round "-"]
[White "Louis Lima"]
[Black "ApolloM"]
[Result "0-1"]
[WhiteCountry "ESP"]
[BlackCountry "CZE"]
[WhiteElo "2004"]
[WhiteRD "90"]
[BlackElo "2311"]
[BlackRD "162"]
[GameID "325556"]

1. e4 e5 2. f4 exf4 3. Bc4 Qh4+ 4. Kf1 d6 5. d4 Nc6 6. Nf3 Bg4 7. c3 Qf6 8. Qb3 Nd8 9. e5 Qh6 10. Nbd2 c6
11. exd6 Bxd6 12. Ne4 Ne7 13. Nxd6+ Qxd6 14. Ne5 Be6 15. Bxf4 Bxc4+ 16. Qxc4 Qf6 17. g3 g5
0-1

[Event "King's Gambit Explorations"]
[Site "SchemingMind.com"]
[Date "2013.01.20"]
[Round "-"]
[White "keen"]
[Black "ApolloM"]
[Result "0-1"]
[WhiteCountry "SCO"]
[BlackCountry "CZE"]
[WhiteElo "1753"]
[WhiteRD "69"]
[BlackElo "2418"]
[BlackRD "172"]
[GameID "325557"]

1. e4 e5 2. f4 exf4 3. Nf3 Be7 4. d4 d5 5. e5 Bh4+ 6. Ke2 Bg5 7. Nc3 Bg4 8. Qd3 Nc6 9. a3 f6 10. h3 Bxf3+
11. gxf3 fxe5 12. dxe5 Nge7 13. Bd2 Nxe5 14. Qb5+ c6 15. Qb4 O-O 16. Re1 Nf5 17. Kd1 Nxf3 18. Re2 Ng3 19. Bg2 Nxd2 20. Rxd2 f3
0-1

[Event "King's Gambit Explorations"]
[Site "SchemingMind.com"]
[Date "2013.01.20"]
[Round "-"]
[White "Phillip Beckett"]
[Black "ApolloM"]
[Result "0-1"]
[WhiteCountry "ENG"]
[BlackCountry "CZE"]
[WhiteElo "1591"]
[WhiteRD "47"]
[BlackElo "2412"]
[BlackRD "172"]
[GameID "325558"]

1. e4 e5 2. f4 exf4 3. Nf3 Be7 4. Bc4 Bh4+ 5. g3 fxg3 6. O-O gxh2+ 7. Kh1 d5 8. Bxd5 Nf6 9. Bxf7+ Kxf7 10. e5 Bh3
11. Nxh4 Bxf1 12. Qxf1 Qd5+ 13. Kxh2 Qxe5+ 14. Kh1 Nc6 15. c3 Qh5 16. d4 Qxh4+
0-1

[Event "King's Gambit Explorations"]
[Site "SchemingMind.com"]
[Date "2013.01.22"]
[Round "-"]
[White "Olli Ylönen"]
[Black "ApolloM"]
[Result "0-1"]
[WhiteCountry "FIN"]
[BlackCountry "CZE"]
[WhiteElo "1848"]
[WhiteRD "54"]
[BlackElo "2311"]
[BlackRD "162"]
[GameID "325559"]

1. e4 e5 2. f4 exf4 3. Nf3 Be7 4. Bc4 Bh4+ 5. Kf1 d6 6. d4 Bg5 7. Nxg5 Qxg5 8. Qf3 Nc6 9. c3 Qg6 10. Bxf4 Nf6
11. Bd3 Bg4 12. e5 Bxf3 13. Bxg6 Nd5 14. gxf3 hxg6 15. Bg3 dxe5 16. Bf2 O-O-O 17. dxe5 Nf4 18. Na3 Nxe5 19. Rc1 Nxf3 20. Bg3 Nd2+
21. Kg1 Ne2+
0-1

[Event "King's Gambit Explorations"]
[Site "SchemingMind.com"]
[Date "2013.01.20"]
[Round "-"]
[White "Odinson"]
[Black "ApolloM"]
[Result "0-1"]
[WhiteCountry "USA"]
[BlackCountry "CZE"]
[WhiteElo "1627"]
[WhiteRD "74"]
[BlackElo "2418"]
[BlackRD "172"]
[GameID "325560"]

1. e4 e5 2. f4 exf4 3. Nf3 Be7 4. Bc4 Bh4+ 5. Kf1 d6 6. d4 h6 7. Bxf4 Bg4 8. Qd3 Nc6 9. c3 Bg5 10. Nxg5 hxg5
11. Bg3 Qd7 12. h3 Bh5 13. Nd2 a6 14. Ke1 Nf6 15. Rf1 Bg6 16. Qf3 O-O-O 17. Bb3 Rde8 18. Bc2 d5 19. e5 Bxc2 20. Kf2 Be4
21. Nxe4 Nxe4+ 22. Ke2 Nxe5 23. Bxe5 Qb5+ 24. Kd1 Qxb2
0-1